000 00324 a2200133 4500
003 OSt
005 20241221125130.0
008 241221b |||||||| |||| 00| 0 eng d
040 _cMU
100 _aSINGH, JASVANT
245 _aRAJASTHAN KE RAJWADI GEET VOL-1
260 _bSANGHI PRAKASHAN, JAIPUR
_c2013
942 _2ddc
_cBK
999 _c219713
_d219713